ਰੋਗਾਂ ਤੋ ਬਚੋ / (Record no. 111141)

MARC details
000 -LEADER
fixed length control field 00932nam a22002417a 4500
010 ## - LIBRARY OF CONGRESS CONTROL NUMBER
LC control number B-230631
020 ## - INTERNATIONAL STANDARD BOOK NUMBER
International Standard Book Number 9788173292033
Terms of availability 150.00
035 ## - SYSTEM CONTROL NUMBER
System control number B-230631
037 ## - SOURCE OF ACQUISITION
Stock number Cen Lib / Ret
040 ## - CATALOGING SOURCE
Original cataloging agency DPL
Language of cataloging PN
082 ## - DEWEY DECIMAL CLASSIFICATION NUMBER
Classification number 616.07
Item number ਸ਼ੁਕਲਾ
100 ## - MAIN ENTRY--PERSONAL NAME
Personal name ਸ਼ੁਕਲਾ, ਫਕ਼ੀਰ ਚੰਦ
9 (RLIN) 7767
245 ## - TITLE STATEMENT
Title ਰੋਗਾਂ ਤੋ ਬਚੋ /
Statement of responsibility, etc ਫਕ਼ੀਰ ਚੰਦ ਸ਼ੁਕਲਾ
246 ## - VARYING FORM OF TITLE
Title proper/short title Rogaan to bacho /
Remainder of title by Faqir Chand Shukla
260 ## - PUBLICATION, DISTRIBUTION, ETC. (IMPRINT)
Place of publication, distribution, etc ਦਿੱਲੀ
Name of publisher, distributor, etc ਸਿਲਾਲੇਖ
Date of publication, distribution, etc 2007
270 ## - ADDRESS
Address ੪/੩੨ ਸੁਭਾਸ਼ ਗਾਲੀ ਵਿਸ਼ਵਾਸ ਨਗਰ ਸ਼ਹਾਦਰ
City ਦਿੱਲੀ
Postal code 110051
300 ## - PHYSICAL DESCRIPTION
Extent 156p ;
Other physical details 24cm(Hb)
650 ## - SUBJECT ADDED ENTRY--TOPICAL TERM
Topical term or geographic name as entry element Diagnosis.
9 (RLIN) 35154
650 ## - SUBJECT ADDED ENTRY--TOPICAL TERM
Topical term or geographic name as entry element ਨਿਦਾਨ
9 (RLIN) 133601
650 ## - SUBJECT ADDED ENTRY--TOPICAL TERM
Topical term or geographic name as entry element Therapeutics.
9 (RLIN) 133602
650 ## - SUBJECT ADDED ENTRY--TOPICAL TERM
Topical term or geographic name as entry element ਚਿਕਿਤਸਾ
9 (RLIN) 133603
942 ## - ADDED ENTRY ELEMENTS (KOHA)
Source of classification or shelving scheme Dewey Decimal Classification
Koha item type Punjabi Bks
Classification part 616.07
Call number suffix ਸ਼ੁਕਲਾ
Holdings
Withdrawn status Lost status Damaged status Not for loan Home library Current library Date acquired Source of acquisition Cost, normal purchase price Total Checkouts Full call number Barcode Date last seen Date checked out Copy number Cost, replacement price Price effective from Koha item type
        Central Library Central Library 13/02/2016 Cen Lib/Ret 150.00 2 616.07 ਸ਼ੁਕਲਾ B-230631 12/03/2020 28/02/2020 1 150.00 13/02/2016 Punjabi Bks

© Delhi Public Library
Hit Counter
free hit counter